[Event "Memorial Romana Baka"]
[Site "Chorzow"]
[Date "2016.09.18"]
[Round "4.4"]
[White "Faron, Rafal"]
[Black "Szczecina, Kamil"]
[Result "1-0"]
[BlackElo "1773"]
[WhiteElo "2062"]
[LiveChessVersion "1.4.8"]

1. d4 {[%clk 1:30:57]} Nf6 {[%clk 1:30:44]} 2. c4 {[%clk 1:30:54]} e6
{[%clk 1:30:48]} 3. Nc3 {[%clk 1:30:47]} d5 {[%clk 1:29:44]} 4. Bg5
{[%clk 1:29:58]} Be7 {[%clk 1:29:41]} 5. cxd5 {[%clk 1:29:52]} exd5
{[%clk 1:29:08]} 6. e3 {[%clk 1:29:56]} c6 {[%clk 1:26:31]} 7. Bd3
{[%clk 1:29:19]} Ne4 {[%clk 1:18:08]} 8. Bf4 {[%clk 1:27:43]} Nxc3
{[%clk 1:16:11]} 9. bxc3 {[%clk 1:28:11]} O-O {[%clk 1:16:18]} 10. Ne2
{[%clk 1:28:14]} Nd7 {[%clk 1:10:02]} 11. O-O {[%clk 1:25:36]} Nf6
{[%clk 1:06:43]} 12. Qc2 {[%clk 1:23:26]} b6 {[%clk 1:04:56]} 13. a4
{[%clk 1:22:35]} h6 {[%clk 0:57:24]} 14. Rfd1 {[%clk 1:10:20]} Bd6
{[%clk 0:47:44]} 15. c4 {[%clk 1:06:15]} Ba6 {[%clk 0:30:22]} 16. a5
{[%clk 0:52:42]} dxc4 {[%clk 0:09:38]} 17. Bxc4 {[%clk 0:52:36]} Bxc4
{[%clk 0:10:01]} 18. Qxc4 {[%clk 0:53:02]} Qd7 {[%clk 0:10:15]} 19. Rdc1
{[%clk 0:45:03]} Bxf4 {[%clk 0:06:11]} 20. Nxf4 {[%clk 0:45:27]} Rfc8
{[%clk 0:06:28]} 21. Nd3 {[%clk 0:40:32]} b5 {[%clk 0:03:19]} 22. Qc2
{[%clk 0:36:29]} Qd6 {[%clk 8:03:01]} 23. Nc5 {[%clk 0:34:13]} Ne8
{[%clk 0:01:59]} 24. h3 {[%clk 0:32:57]} Qe7 {[%clk 0:01:43]} 25. Nd3
{[%clk 0:27:18]} Nd6 {[%clk 0:00:57]} 26. Qc5 {[%clk 0:27:36]} Qe6
{[%clk 0:00:53]} 27. Ne5 {[%clk 0:26:16]} Nb7 {[%clk 0:00:41]} 28. Qb4
{[%clk 0:25:00]} a6 {[%clk 0:01:02]} 29. Nd3 {[%clk 0:23:20]} Nd6
{[%clk 0:01:18]} 30. Nc5 {[%clk 0:19:11]} Qe7 {[%clk 0:00:35]} 31. Nb7
{[%clk 0:16:21]} Qxb7 {[%clk 0:01:03]} 32. Qxd6 {[%clk 0:16:50]} b4
{[%clk 0:00:56]} 33. Rab1 {[%clk 0:16:34]} Rab8 {[%clk 0:00:57]} 34. Rc4
{[%clk 0:15:45]} b3 {[%clk 0:01:03]} 35. Rc3 {[%clk 0:15:11]} Qb5
{[%clk 0:00:38]} 36. Rcxb3 {[%clk 0:15:09]} Qxb3 {[%clk 0:00:58]} 37. Rxb3
{[%clk 0:15:37]} Rxb3 {[%clk 0:01:22]} 38. Qd7 {[%clk 0:16:05]} Rbb8
{[%clk 0:00:46]} 39. Qa7 {[%clk 0:16:29]} Ra8 {[%clk 0:00:35]} 40. Qb7
{[%clk 0:16:48]} Kf8 {[%clk 0:00:42]} 41. Kh2 {[%clk 0:16:57]} Ke8
{[%clk 0:00:39]} 42. g4 {[%clk 0:16:13]} Rab8 {[%clk 0:00:36]} 43. Qxa6
{[%clk 0:16:24]} Rc7 {[%clk 0:01:05]} 44. Qd3 {[%clk 0:15:27]} f6
{[%clk 0:00:41]} 45. Qc4 {[%clk 0:15:07]} Kf8 {[%clk 0:00:36]} 46. Qc5+
{[%clk 0:14:37]} Kf7 {[%clk 0:00:43]} 47. Qd6 {[%clk 0:13:46]} Rbb7
{[%clk 0:00:40]} 48. Kg3 {[%clk 0:12:01]} Ra7 {[%clk 0:01:02]} 49. h4
{[%clk 0:11:21]} Rc8 {[%clk 0:01:25]} 50. g5 {[%clk 0:08:38]} hxg5
{[%clk 0:01:47]} 51. hxg5 {[%clk 0:09:07]} fxg5 {[%clk 0:01:12]} 52. Qc5
{[%clk 0:07:25]} Rcc7 {[%clk 0:00:45]} 53. Qxg5 {[%clk 0:06:28]} Kg8
{[%clk 0:00:48]} 54. Qc5 {[%clk 0:06:30]} Rab7 {[%clk 0:00:51]} 55. a6
{[%clk 0:06:36]} Ra7 {[%clk 0:01:08]} 56. Qb6 {[%clk 0:06:36]} Kf7
{[%clk 0:01:21]} 57. f4 {[%clk 0:05:30]} Ke7 {[%clk 0:01:15]} 58. Qc5+
{[%clk 0:05:24]} Kd7 {[%clk 0:01:35]} 59. Qf5+ {[%clk 0:05:31]} Ke7
{[%clk 0:01:34]} 60. Qe5+ {[%clk 0:05:11]} Kf7 {[%clk 0:01:37]} 61. Kf3
{[%clk 0:05:12]} Re7 {[%clk 0:01:47]} 62. Qf5+ {[%clk 0:05:22]} 1-0

[Event "Memorial Romana Baka"]
[Site "Chorzow"]
[Date "2016.09.18"]
[Round "4.6"]
[White "Pierzak, Rafael"]
[Black "Pasieka, Marcin"]
[Result "1/2-1/2"]
[BlackElo "1682"]
[WhiteElo "2172"]
[LiveChessVersion "1.4.8"]

1. d4 {[%clk 1:28:40]} Nf6 {[%clk 1:30:57]} 2. Nf3 {[%clk 1:28:30]} e6
{[%clk 1:31:24]} 3. e3 {[%clk 1:28:45]} d5 {[%clk 1:31:47]} 4. Bd3
{[%clk 1:29:04]} Bd6 {[%clk 1:32:10]} 5. b3 {[%clk 1:29:04]} c5 {[%clk 1:32:21]}
6. O-O {[%clk 1:29:04]} Nc6 {[%clk 1:32:16]} 7. Bb2 {[%clk 1:29:25]} Qc7
{[%clk 1:26:59]} 8. Nbd2 {[%clk 1:27:55]} e5 {[%clk 1:24:33]} 9. dxe5
{[%clk 1:26:08]} Nxe5 {[%clk 1:24:59]} 10. Nxe5 {[%clk 1:26:17]} Bxe5
{[%clk 1:25:26]} 11. Bxe5 {[%clk 1:26:37]} Qxe5 {[%clk 1:25:54]} 12. Nf3
{[%clk 1:25:42]} Qe7 {[%clk 1:19:53]} 13. Bb5+ {[%clk 1:20:52]} Bd7
{[%clk 1:19:44]} 14. Qd3 {[%clk 1:19:09]} O-O {[%clk 1:18:02]} 15. Bxd7
{[%clk 1:19:04]} Qxd7 {[%clk 1:18:25]} 16. Rfd1 {[%clk 1:17:12]} Rad8
{[%clk 1:11:08]} 17. Rac1 {[%clk 1:02:30]} Rfe8 {[%clk 0:57:00]} 18. h3
{[%clk 0:53:43]} b6 {[%clk 0:51:43]} 19. c4 {[%clk 0:47:45]} dxc4
{[%clk 0:49:10]} 20. Qxd7 {[%clk 0:48:06]} Nxd7 {[%clk 0:49:28]} 21. bxc4
{[%clk 0:46:55]} 1/2-1/2